ბათუმის შოთა რუსთაველის სახელმწიფო უნივერსიტეტის ბიბლიოთეკა

მანონ ლესკო / (ბიბ.ჩანაწერი № 56061)

000 -ლიდერი
ფიქსირებული სიგრძის საკონტროლო ველი 00976nam a2200229Ia 4500
001 - საკონტროლო ნომერი
საკონტროლო ველი 23161
003 - საკონტროლო ნომრის იდენტიფიკატორი
საკონტროლო ველი GE_BSU
005 - ბოლო ოპერაციის თარიღი და დრო
საკონტროლო ველი 20230721105451.0
008 - ფიქსირებული სიგრძის მონაცემთა ელემენტები - ზოგადი ინფორმაცია
ფიქსირებული სიგრძის საკონტროლო ველი 181216s1958||||ge |||||||||||||| ||geo||
040 ## - კატალოგიზაციის წყარო
Transcribing agency GE_BSU
041 ## - ენის კოდი
Language code of text/sound track or separate title geo
080 ## - უნივერსალური ათობითი კლასიფიკაციის ინდექსი
Universal Decimal Classification number 821.133.1-31 პ-76
100 ## - მთავარი ჩანაწერი - პიროვნების სახელი
Personal name პრევო, აბატი
9 (RLIN) 19482
245 ## - ცნობა სათაურის შესახებ
Title მანონ ლესკო /
Statement of responsibility, etc აბატი პრევო ; თარგმ. და წინასიტყვ. ქეთევან ირემაძისა ; რედ. რ. ბეჟანიშვილი.
264 ## - წარმოების, გამოცემის, დისტრიბუციის და სხვა ცნობები
გამოცემის, წარმოების, დისტრიბუციის... ადგილი თბილისი :
გამოცემის, წარმოების, დისტრიბუციის... სახელწოდება საბჭ. საქართველო,
გამოცემის, წარმოების, დისტრიბუციის... თარიღი 1958.
300 ## - ფიზიკური აღწერა
Extent 192 გვ. ;
Dimensions 20 სმ.
653 ## - INDEX TERM--UNCONTROLLED
Uncontrolled term მანონ ლესკო
700 ## - ADDED ENTRY--PERSONAL NAME
Personal name ირემაძე, ქეთევან
Relator term მთარგმნელი
9 (RLIN) 19483
700 ## - ADDED ENTRY--PERSONAL NAME
Personal name ბეჟანიშვილი, რ.
Relator term რედაქტორი
9 (RLIN) 7979
942 ## - ADDED ENTRY ELEMENTS (KOHA)
Koha item type წიგნი
Source of classification or shelving scheme
ეგზემპლარები
ჩამოწერის სტატუსი დაკარგული ეგზემპლარის სტატუსი კლასიფიკაციის წყარო ან თაროზე გაწყობის სქემა დაზიანების სტატუსი არ გაიცემა მუდმივი მდებარეობა (დაცვის ადგილი) ამჟამინდელი ადგილსამყოფელი თაროზე განთავსების ადგილი შეძენის თარიღი ღირებულება, შესყიდვის ნორმალური ფასი სრული შენახვის შიფრი შტრიხკოდი ბოლო ოპერაციის თარიღი ეგზემპლარის მიმდევრობითი ნომერი (კეტერი?) ფასის ძალაში შესვლის თარიღი ეგზემპლარის სახეობა საჯარო შენიშვნა
          ბათუმის შოთა რუსთაველის სახელმწიფო უნივერსიტეტის მთავარი ბიბლიოთეკა ბათუმის შოთა რუსთაველის სახელმწიფო უნივერსიტეტის მთავარი ბიბლიოთეკა წიგნსაცავი 2018-12-17 0.90 821.133.1-31 პ-76 58617 2018-12-17 58617 2018-12-17 წიგნი 0.90 ₾.